000
00227nam a2200097Ia 4500
008
230915s9999 xx 000 0 und d
050
_a
SF 525 .S78 2010
100
_a
STUART F.S.
245
0
_a
BEE-KEEPING PRACTICE
942
_c
BK
999
_c
202092
_d
202092